The Poetical Works of Sir Walter Scott.

محفوظ في:
التفاصيل البيبلوغرافية
المؤلف الرئيسي: Scott, Walter
التنسيق: كتاب
اللغة:الإنجليزية
اللاتينية
الغيلية الأسكتلندية
منشور في: Edinburgh, Scotland, United Kingdom Adam and Charles Black 1880
الموضوعات:
الوسوم: إضافة وسم
لا توجد وسوم, كن أول من يضع وسما على هذه التسجيلة!

MARC

LEADER 00000nam a2200000 a 4500
001 UCJ7396
003 CL-VaPUC
005 20230415074408.0
008 070124e18800000UK |||||||||||||||||eng|d
999 |c 323481  |d 323479 
040 |c Pontificia Universidad Católica de Valparaíso 
041 0 7 |a eng  |2 CL-VaPUC 
041 0 7 |a lat  |2 CL-VaPUC 
041 0 7 |a gla  |2 CL-VaPUC 
082 0 4 |a 821 SCO 1880  |2 21 
100 0 |a Scott, Walter  |9 354318 
245 1 4 |a The Poetical Works of Sir Walter Scott. 
260 0 3 |a Edinburgh, Scotland, United Kingdom  |b Adam and Charles Black  |c 1880 
300 |a 10 volúmenes. 
500 |a Faltan los vols. 8 y 10.- El v. 5 incluye, al final, un glosario de términos gaélicos (dialecto céltico que se habla en Irlanda y Escocia) 
583 |a last modification  |c 20181114 06:03:05  |k Rodrigo Vera 
650 7 |a POESIA ESCOCESA  |2 CL-VaPUC  |9 515740 
650 0 |a Ilustraciones  |9 369481 
650 0 |a Grabados  |9 310822 
650 7 |a GLOSARIO GAELICO  |2 CL-VaPUC  |9 515741 
942 |c BK  |2 ddc 
945 |d 20070124 00:00:00  |a rinostro 
952 |0 0  |1 0  |4 0  |6 821_000000000000000_SCO_1880  |7 0  |8 X  |9 403135  |a FDOBUD  |b FDOBUD  |d 2019-11-22  |h v.1  |i 1065408  |o 821 SCO 1880  |p 1065408  |r 2019-11-22  |t 1  |w 2019-11-22  |y BK_X  |k BUD 
952 |0 0  |1 0  |4 0  |6 821_000000000000000_SCO_1880  |7 0  |8 X  |9 403136  |a FDOBUD  |b FDOBUD  |d 2019-11-22  |h v.2  |i 1063200  |o 821 SCO 1880  |p 1063200  |r 2019-11-22  |t 1  |w 2019-11-22  |y BK_X  |k BUD 
952 |0 0  |1 0  |4 0  |6 821_000000000000000_SCO_1880  |7 0  |8 X  |9 403137  |a FDOBUD  |b FDOBUD  |d 2019-11-22  |h v.3  |i 1074571  |o 821 SCO 1880  |p 1074571  |r 2019-11-22  |t 1  |w 2019-11-22  |y BK_X  |k BUD 
952 |0 0  |1 0  |4 0  |6 821_000000000000000_SCO_1880  |7 0  |8 X  |9 403138  |a FDOBUD  |b FDOBUD  |d 2019-11-22  |h v.4  |i 1063219  |o 821 SCO 1880  |p 1063219  |r 2019-11-22  |t 1  |w 2019-11-22  |y BK_X  |k BUD 
952 |0 0  |1 0  |4 0  |6 821_000000000000000_SCO_1880  |7 0  |8 X  |9 403139  |a FDOBUD  |b FDOBUD  |d 2019-11-22  |h v.5  |i 1063227  |o 821 SCO 1880  |p 1063227  |r 2019-11-22  |t 1  |w 2019-11-22  |y BK_X  |k BUD 
952 |0 0  |1 0  |4 0  |6 821_000000000000000_SCO_1880  |7 0  |8 X  |9 403140  |a FDOBUD  |b FDOBUD  |d 2019-11-22  |h v.6  |i 1000764  |o 821 SCO 1880  |p 1000764  |r 2019-11-22  |t 1  |w 2019-11-22  |y BK_X  |k BUD 
952 |0 0  |1 0  |4 0  |6 821_000000000000000_SCO_1880  |7 0  |8 X  |9 403141  |a FDOBUD  |b FDOBUD  |d 2019-11-22  |h v.7  |i 1063243  |o 821 SCO 1880  |p 1063243  |r 2019-11-22  |t 1  |w 2019-11-22  |y BK_X  |k BUD 
952 |0 0  |1 0  |4 0  |6 821_000000000000000_SCO_1880  |7 0  |8 X  |9 403142  |a FDOBUD  |b FDOBUD  |d 2019-11-22  |h v.9  |i 1063235  |o 821 SCO 1880  |p 1063235  |r 2019-11-22  |t 1  |w 2019-11-22  |y BK_X  |k BUD 
952 |0 0  |1 0  |4 0  |6 821_000000000000000_SCO_1880  |7 0  |8 X  |9 403143  |a FDOBUD  |b FDOBUD  |d 2019-11-22  |h v.11  |i 1063251  |o 821 SCO 1880  |p 1063251  |r 2019-11-22  |t 1  |w 2019-11-22  |y BK_X  |k BUD 
952 |0 0  |1 0  |4 0  |6 821_000000000000000_SCO_1880  |7 0  |8 X  |9 403144  |a FDOBUD  |b FDOBUD  |d 2019-11-22  |h v.12  |i 106326K  |o 821 SCO 1880  |p 106326K  |r 2019-11-22  |t 1  |w 2019-11-22  |y BK_X  |k BUD